| 000 | 00893nam a2200253 i 4500 | ||
|---|---|---|---|
| 001 | 6424 | ||
| 003 | ES-MaACL | ||
| 005 | 20251108111232.0 | ||
| 007 | t| | ||
| 008 | 891121s1974 sp ||||1| spa d | ||
| 080 | _a329(46)28"1960/1961" CNT | ||
| 100 | 1 |
_aMontseny, Federica, _d1905-1994 _9240807 |
|
| 245 | 1 | 0 |
_aCronicas de "CNT" _b: (1960-1961) / _cFederica Montseny ; seleccion e introduccion de M. Celma. |
| 260 |
_a[S.l. : _bs.n.], _c1974 ( _eChoisy-Le-Roi [Francia] : _fImprimerie des Gondoles) |
||
| 300 |
_a183 p. ; _c19 cm. |
||
| 490 | 1 | _aLetras Confederales | |
| 610 | 2 | 4 |
_aConfederación Nacional del Trabajo (España) _93165 |
| 700 | 1 |
_aCelma, M., _9227809 |
|
| 830 | 0 |
_aLetras Confederales _9227810 |
|
| 852 |
_aES-MaACL _jL-13648 _bR.112977 |
||
| 942 |
_2udc _cMONOGRAFIA _n0 |
||
| 999 |
_c6424 _d6424 |
||